000
00268 a2200121 4500
001
64338
082
_a
531 MEI
090
_c
37974
_d
37974
100
_a
Meirovitch L
245
_a
Elements of vibration analysis
260
_a
NY
_b
McGraw-Hill
_c
1975
300
_a
495 p
942
_a
NUST-CAE
_k
531 MEI
999
_c
299411
_d
299411